01265nam a2200253Ia 4500100002100000250000600021942000700027654001200034245002700046260001600073082001700089300000900106546001200115999001700127952009500144952009500239952009500334952009500429952009500524952009500619952009500714952010700809952009500916 aHallliday/David  a5 cBK aPhysics aFundamenals of Physics bWileyc1997 a539bHAL/RES a1142 aENGLISH c29830d29830 001040708CRCaCRCEbCRCEd2023-03-17l0o539 HAL/RESp10941r2023-03-17w2023-03-17yBK 001040708CRCaCRCEbCRCEd2023-03-17l0o539 HAL/RESp10942r2023-03-17w2023-03-17yBK 001040708CRCaCRCEbCRCEd2023-03-17l0o539 HAL/RESp10943r2023-03-17w2023-03-17yBK 001040708CRCaCRCEbCRCEd2023-03-17l0o539 HAL/RESp10944r2023-03-17w2023-03-17yBK 001040708CRCaCRCEbCRCEd2023-03-17l0o539 HAL/RESp10945r2023-03-17w2023-03-17yBK 001040708CRCaCRCEbCRCEd2023-03-17l0o539 HAL/RESp10946r2023-03-17w2023-03-17yBK 001040708CRCaCRCEbCRCEd2023-03-17l0o539 HAL/RESp10947r2023-03-17w2023-03-17yBK 001040708CRCaCRCEbCRCEd2023-03-17l1o539 HAL/RESp10948r2025-12-15s2025-12-01w2023-03-17yBK 001040708CRCaCRCEbCRCEd2023-03-17l0o539 HAL/RESp10949r2023-03-17w2023-03-17yBK